<?xml version="1.0" encoding="UTF-8"?>
<record
    xmlns:xsi="http://www.w3.org/2001/XMLSchema-instance"
    xsi:schemaLocation="http://www.loc.gov/MARC21/slim http://www.loc.gov/standards/marcxml/schema/MARC21slim.xsd"
    xmlns="http://www.loc.gov/MARC21/slim">

  <leader>01322cam a22003613a 4500</leader>
  <controlfield tag="001"> </controlfield>
  <controlfield tag="003">DO-SdBNP</controlfield>
  <controlfield tag="005">20220623132534.0</controlfield>
  <controlfield tag="007">0000716</controlfield>
  <controlfield tag="008">861112   2002 sp abc         000 0 spa d</controlfield>
  <datafield tag="010" ind1=" " ind2=" ">
    <subfield code="a"> </subfield>
  </datafield>
  <datafield tag="020" ind1=" " ind2=" ">
    <subfield code="a">8424121368</subfield>
  </datafield>
  <datafield tag="040" ind1=" " ind2=" ">
    <subfield code="a">BPMSU</subfield>
    <subfield code="c">spa</subfield>
    <subfield code="d">BPMSU</subfield>
    <subfield code="d"> </subfield>
  </datafield>
  <datafield tag="082" ind1=" " ind2=" ">
    <subfield code="a">R912</subfield>
    <subfield code="b">A881g 2002</subfield>
    <subfield code="2">22</subfield>
  </datafield>
  <datafield tag="245" ind1="0" ind2="0">
    <subfield code="a">Atlas geogr&#xE1;fico universal /</subfield>
    <subfield code="c">Emilia Gonz&#xE1;lez Ord&#xE1;s ; fotograf&#xED;as Miguel Raurich</subfield>
  </datafield>
  <datafield tag="250" ind1=" " ind2=" ">
    <subfield code="a">11a. ed.</subfield>
  </datafield>
  <datafield tag="260" ind1=" " ind2=" ">
    <subfield code="a">Le&#xF3;n, Espa&#xF1;a :</subfield>
    <subfield code="b">Everest,</subfield>
    <subfield code="c">2002.</subfield>
  </datafield>
  <datafield tag="300" ind1=" " ind2=" ">
    <subfield code="a">105, 144 p. :</subfield>
    <subfield code="b">il., mapa, retrato</subfield>
    <subfield code="c">29 cm.</subfield>
  </datafield>
  <datafield tag="500" ind1=" " ind2=" ">
    <subfield code="a">Incluye &#xED;ndice topon&#xED;mico.</subfield>
  </datafield>
  <datafield tag="505" ind1="2" ind2=" ">
    <subfield code="t">Im&#xE1;genes del Landsat --</subfield>
    <subfield code="t">La comunidad europea --</subfield>
    <subfield code="t">El mundo y sus continentes --</subfield>
    <subfield code="t">El mundo --</subfield>
    <subfield code="t">Europa --</subfield>
    <subfield code="t">Espa&#xF1;a y Portugal --</subfield>
    <subfield code="t">Asia --</subfield>
    <subfield code="t">&#xC1;frica --</subfield>
    <subfield code="t">Am&#xE9;rica del Norte --</subfield>
    <subfield code="t">Am&#xE9;rica del Sur --</subfield>
    <subfield code="t">Regiones polares --</subfield>
    <subfield code="t">&#xCD;ndice topon&#xED;mico --</subfield>
    <subfield code="t">Australia y Nueva Zelanda --</subfield>
  </datafield>
  <datafield tag="590" ind1=" " ind2=" ">
    <subfield code="6">Inventariado, 2022/VM</subfield>
  </datafield>
  <datafield tag="600" ind1="0" ind2="0">
    <subfield code="a"> </subfield>
    <subfield code="x"> </subfield>
  </datafield>
  <datafield tag="651" ind1=" " ind2="4">
    <subfield code="a">Am&#xE9;rica</subfield>
    <subfield code="x">Geograf&#xED;a</subfield>
    <subfield code="v">Atlas.</subfield>
  </datafield>
  <datafield tag="651" ind1=" " ind2="4">
    <subfield code="a">Europa</subfield>
    <subfield code="x">Geograf&#xED;a</subfield>
    <subfield code="v">Atlas.</subfield>
  </datafield>
  <datafield tag="651" ind1=" " ind2="4">
    <subfield code="a">Asia</subfield>
    <subfield code="x">Geograf&#xED;a</subfield>
    <subfield code="v">Atlas.</subfield>
  </datafield>
  <datafield tag="651" ind1=" " ind2="4">
    <subfield code="a">&#xC1;frica</subfield>
    <subfield code="x">Geograf&#xED;a</subfield>
    <subfield code="v">Atlas.</subfield>
  </datafield>
  <datafield tag="651" ind1=" " ind2="4">
    <subfield code="a">Ocean&#xED;a </subfield>
    <subfield code="x">Geograf&#xED;a</subfield>
    <subfield code="v">Atlas.</subfield>
  </datafield>
  <datafield tag="700" ind1="1" ind2=" ">
    <subfield code="a">Gonz&#xE1;lez Ord&#xE1;s, Emilia </subfield>
  </datafield>
  <datafield tag="700" ind1="1" ind2=" ">
    <subfield code="a">Raurich, Miguel </subfield>
  </datafield>
  <datafield tag="710" ind1="2" ind2=" ">
    <subfield code="3">Editorial Everest (Espa&#xF1;a)</subfield>
  </datafield>
  <datafield tag="910" ind1=" " ind2=" ">
    <subfield code="a">VMateo V. </subfield>
  </datafield>
  <datafield tag="942" ind1=" " ind2=" ">
    <subfield code="2">ddc</subfield>
    <subfield code="c">BK</subfield>
  </datafield>
  <datafield tag="952" ind1=" " ind2=" ">
    <subfield code="0">0</subfield>
    <subfield code="1">0</subfield>
    <subfield code="2">ddc</subfield>
    <subfield code="4">0</subfield>
    <subfield code="7">0</subfield>
    <subfield code="8">CR-G</subfield>
    <subfield code="a">BPMET</subfield>
    <subfield code="b">BPMET</subfield>
    <subfield code="d">2016-10-12</subfield>
    <subfield code="e">FUNDI</subfield>
    <subfield code="o">BPMSU CGR R912 A881g 2002</subfield>
    <subfield code="p">BPMSU16100115</subfield>
    <subfield code="r">2016-10-12</subfield>
    <subfield code="w">2016-10-12</subfield>
    <subfield code="y">BK</subfield>
  </datafield>
  <datafield tag="999" ind1=" " ind2=" ">
    <subfield code="c">11542</subfield>
    <subfield code="d">11542</subfield>
  </datafield>
</record>
